It looks like you're offline.
Open Library logo
additional options menu

MARC record from Internet Archive

LEADER: 01669cam a2200385Mi 4500
001 8686017
005 20231109105900.0
008 830810s1873 nyuaf 000 f eng d
035 $a(OCoLC)25459284
035 $a(OCoLC)ocm25459284
040 $aVA@$beng$erda$cVA@$dIAE$dOCLCQ$dOCLCG$dOCLCQ$dOCLCA$dOCLCO$dOCLCQ$dBRL
043 $ae-uk-en
049 $aBRLL
050 4 $aPR4569$b.A1 1873
082 04 $a823/.8$qOCoLC$223/eng/20230216
090 $aPR4569$b.A1 1873
100 1 $aDickens, Charles,$d1812-1870,$eauthor.
245 14 $aThe Pickwick papers.
250 $aNew Household edition :$bfully illustrated from designs by Darley, Gilbert, Cruikshank, Phiz, and other eminent artists.
264 1 $aNew York [New York] :$bPublished by Hurd and Houghton ;$aCambridge [Massachusetts] :$bRiverside Press,$c1873.
264 3 $aCambridge [Massachusetts] :$bRiverside, Printed by H.O. Houghton and Co.
300 $a4 volumes :$billustrations ;$c19 cm.
336 $atext$btxt$2rdacontent
336 $astill image$bsti$2rdacontent
337 $aunmediated$bn$2rdamedia
338 $avolume$bnc$2rdacarrier
490 1 $aWorks of Charles Dickens
650 0 $aMen$zEngland$xSocieties and clubs$vFiction.
651 0 $aEngland$xSocial life and customs$y19th century$vFiction.
655 7 $aHistorical fiction.$2lcgft
655 7 $aEpistolary fiction.$2lcgft
655 7 $aNovels.$2lcgft
752 $aUnited States$bNew York (State)$dNew York.$2naf
852 $aBPL - Special Collections$bNonfiction - In Library Use Only$kHOUGHTON MIFFLIN$o9$p39999089980732$rIn$vv.4$wBook$y1$7False$90
999 $bPR4569 .A1 1873$c0$g1$h1$i1$j1$k0$xPR4569 .A1 1873$z0$!2